• 首页
  • 本馆介绍
  • 公告通知
  • 最新文献
  • 馆藏检索
  • 电子资源
  • 读者导购
  • 参考咨询
  • 我的图书馆
  • 登录
  • 详细信息显示
  • 放入我的书架
  • 预约/预借图书
  • 作者相关作品
  • 分类相关作品
  • 丛书相关作品
  • 出版社相关作品

书目信息

  • 表格格式
  • 工作单格式
  • 卡片格式
题名:
中国近三百年学术史
    
 
作者: 梁启超 著
分册:  
出版信息: 南京   江苏人民出版社  2015
页数: 355页
开本: 24cm
丛书名:
单 册:
中图分类: B249.05
科图分类:
主题词: 学术思想--xue shu si xiang--思想史--中国--清代
电子资源:
ISBN: 978-7-214-16261-8
000 00882nam0 22002411 450
001 0118172338
005 20170618172338.0
010    @a978-7-214-16261-8@dCNY32.00
100    @a20151201d2015 em y0chiy50 ea
101 0  @achi
102    @aCN@b320000
105    @ay z 000yy
106    @ar
200 1  @a中国近三百年学术史@Azhong guo jin san bai nian xue shu shi@f梁启超著
210    @a南京@c江苏人民出版社@d2015
215    @a355页@d24cm
300    @a梁启超史学经典精校版 含章文库 凤凰含章
330    @a本书以社会思潮、学派人物和学科发展为线索,展现了中国学术在17世纪至19世纪三百年间的变迁。书中阐述了清代学术的发展状况,及其在中国历史和文化发展中的价值和地位。
606 0  @a学术思想@Axue shu si xiang@x思想史@y中国@z清代
690    @aB249.05@v5
701  0 @a梁启超@Aliang qi chao@f(1873~1929)@4著
801  0 @aCN@bTANGWEI@c20170615
905    @b1009437-42@dB249.05@e58@f6
    
    中国近三百年学术史/梁启超著.-南京:江苏人民出版社,2015
    355页;24cm
    梁启超史学经典精校版 含章文库 凤凰含章
    
    ISBN 978-7-214-16261-8:CNY32.00
    本书以社会思潮、学派人物和学科发展为线索,展现了中国学术在17世纪至19世纪三百年间的变迁。书中阐述了清代学术的发展状况,及其在中国历史和文化发展中的价值和地位。
●
相关链接 在E读中查询图书 在五车中查询图书 在当当中查询图书 在豆瓣中查询图书


正题名:中国近三百年学术史     索取号:B249.05/58         预约/预借

序号 登录号 条形码 馆藏地/架位号 状态 备注
1 1009437   210094379   第一样本阅览室/ [索取号:B249.05/58] 在馆    
2 1009438   210094388   教育系资料室/ [索取号:B249.05/58] 在馆    
3 1009439   210094397   教育系资料室/ [索取号:B249.05/58] 在馆    
4 1009440   210094404   教育系资料室/ [索取号:B249.05/58] 在馆    
5 1009441   210094413   第一借阅区/ [索取号:B249.05/58] 在馆    
6 1009442   210094422   第一借阅区/ [索取号:B249.05/58] 在馆    
欢迎您!
大连网信软件有限公司© 版权所有